| 000 | 00477nam a22001337a 4500 | ||
|---|---|---|---|
| 008 | 151127b xxu||||| |||| 00| 0 eng d | ||
| 020 | _a9788461206278 | ||
| 082 |
_a778.936 _bF6810o |
||
| 100 |
_aFONTCUBERTA VILLÀ, JOAN _94258 |
||
| 245 |
_aOROGÉNESIS. GIBRALTAR _cOlmo, Santiago; Jular, Eva. |
||
| 260 |
_aEspaña _bUniversidad de Navarra-Fundacion Universidad de Navarra _c2007 |
||
| 300 |
_a64 p. _bill; _c20 cm |
||
| 650 |
_aJoan Fontcuberta _vLugares _xFotografia _zGibraltar _94259 |
||
| 999 |
_c799 _d799 |
||